LIBRARY & INFORMATION CENTRE, KCAET, TAVANUR

ONLINE PUBLIC ACCESS CATALOGUE (OPAC)

Analysis of shells and plates (Record no. 5)

MARC details
000 -LEADER
fixed length control field 00655cam a2200253ua 4500
020 ## - INTERNATIONAL STANDARD BOOK NUMBER
ISBN 0-13-374950-9
041 ## - LANGUAGE CODE
Language code of text/sound track or separate title eng
082 ## - DEWEY DECIMAL CLASSIFICATION NUMBER
Classification number 624.1776
Item number GOU/AN
100 ## - MAIN ENTRY--AUTHOR NAME
Personal name Gould, Phillip L .
245 ## - TITLE STATEMENT
Title Analysis of shells and plates
250 ## - EDITION STATEMENT
Edition statement 1 /
260 ## - PUBLICATION, DISTRIBUTION, ETC. (IMPRINT)
Place of publication New Jersey :
Name of publisher Prentice Hall ,
Year of publication 1998.
300 ## - PHYSICAL DESCRIPTION
Number of Pages 498 ; .
650 ## - SUBJECT ADDED ENTRY--TOPICAL TERM
Topical Term Deformations
650 ## - SUBJECT ADDED ENTRY--TOPICAL TERM
Topical Term Elasticity
650 ## - SUBJECT ADDED ENTRY--TOPICAL TERM
Topical Term Elasticity/Geometry/Membrane Theory/Deformations/Displacement Formation/Bending
650 ## - SUBJECT ADDED ENTRY--TOPICAL TERM
Topical Term Geometry
650 ## - SUBJECT ADDED ENTRY--TOPICAL TERM
Topical Term Membrane Theory
942 ## - ADDED ENTRY ELEMENTS (KOHA)
Koha item type Books
003 - CONTROL NUMBER IDENTIFIER
control field @
003 - CONTROL NUMBER IDENTIFIER
control field OSt
Holdings
Withdrawn status Lost status Damaged status Home library Current library Date acquired Full call number Accession Number Koha item type
      KAUAET KAUAET 07/04/2012 624.1776 20379 Reference
free website counter